Statistics for Paris Saint-Germain Squad 2018/19

Click here to take the quiz!

General Stats

  • This quiz has been taken 293 times
  • The average score is 17 of 28

Answer Stats

#PositionPlayerNationalityDate of Birth (Age)% Correct
16GoalkeeperAlphonse AreolaFrenchFeb 27, 1993 (25)
91%
7Right WingerKylian MbappéFrenchDec 20, 1998 (19)
91%
10Left WingerNeymarBrazilianFeb 5, 1992 (26)
91%
1GoalkeeperGianluigi BuffonItalianJan 28, 1978 (40)
90%
5 Centre-BackMarquinhosBrazilianMay 14, 1994 (24)
90%
2 Centre-BackThiago SilvaBrazilian Sep 22, 1984 (34)
90%
6Central MidfieldMarco VerrattiItalianNov 5, 1992 (26)
88%
9Centre-ForwardEdinson CavaniUruguayanFeb 14, 1987 (31)
86%
3 Centre-BackPresnel KimpembeFrenchAug 13, 1995 (23)
85%
11Right WingerÁngel Di MaríaArgentineanFeb 14, 1988 (30)
80%
13Right-BackDani AlvesBrazilianMay 6, 1983 (35)
77%
23Attacking MidfieldJulian DraxlerGermanSep 20, 1993 (25)
75%
12Right-BackThomas MeunierBelgianSep 12, 1991 (27)
74%
14Left-BackJuan BernatSpanishMar 1, 1993 (25)
73%
20Left-BackLayvin KurzawaFrenchSep 4, 1992 (26)
68%
4 Centre-BackThilo KehrerGermanSep 21, 1996 (22)
65%
25Central MidfieldAdrien RabiotFrenchApr 3, 1995 (23)
63%
17Centre-ForwardEric Maxim Choupo-MotingCameroonianMar 23, 1989 (29)
53%
21Centre-ForwardTimothy WeahAmericanFeb 22, 2000 (18)
49%
24Central MidfieldChristopher NkunkuFrench Nov 14, 1997 (21)
38%
22Left WingerJeséSpanishFeb 26, 1993 (25)
31%
31Right-BackColin DagbaFrenchSep 6, 1998 (20)
29%
19Defensive MidfieldLassana DiarraFrenchMar 10, 1985 (33)
26%
27Right WingerMoussa DiabyFrenchJul 7, 1999 (19)
23%
34Left-BackStanley N'SokiFrenchApr 9, 1999 (19)
13%
40GoalkeeperSébastien CiboisFrenchMar 2, 1998 (20)
12%
29Attacking MidfieldYacine AdliFrenchJul 29, 2000 (18)
5%
28Central MidfieldAntoine BernedeFrenchMay 26, 1999 (19)
4%

Score Distribution

Percentile by Number Answered

Percent of People with Each Score

Your Score History

You have not taken this quiz